The poems and fables of Robert Henryson : schoolmaster of Dunfermline /

Bibliographic Details
Main Author: Henryson, Robert, 1430?-1506?
Other Authors: Harvey Wood, H. (Henry), 1903-1977
Format: Book
Language:English
Published: Edinburgh, London : Oliver and Boyd, 1933.

MARC

Tag First Indicator Second Indicator Subfields
LEADER 00000cam a2200000 4500
001 in00000028305
005 20191019063257.0
008 761027s1933 stkh b 00010 eng d
010 |a a 33002792  
035 |a (OCoLC)02532846 
035 |9 AAD1946AM 
040 |a DLC  |c GSU  |d GSU  |d TXA  |d UtOrBLW 
049 |a TXAM  |c [197775] 
090 |a PR1990  |b .H4 1933 
092 |a 821  |b H525p 
100 1 |a Henryson, Robert,  |d 1430?-1506? 
245 1 4 |a The poems and fables of Robert Henryson :  |b schoolmaster of Dunfermline /  |c Edited from the earliest manuscripts and printed texts by H. Harvey Wood. 
264 1 |a Edinburgh,  |a London :  |b Oliver and Boyd,  |c 1933. 
300 |a xliii, 304 pages :  |b frontispiece, facsimiles ;  |c 23 cm. 
336 |a text  |b txt  |2 rdacontent 
337 |a unmediated  |b n  |2 rdamedia 
338 |a volume  |b nc  |2 rdacarrier 
504 |a "Select list of editions of Henryson since 1800": pages xxxix. 
700 1 |a Harvey Wood, H.  |q (Henry),  |d 1903-1977. 
999 |a MARS 
999 f f |s f50a19a7-c9aa-3bae-9727-cc508b8140b8  |i 769a4d43-b421-3ca9-a812-0f5bf1f17bf3  |t 0 
952 f f |p normal  |a Texas A&M University  |b College Station  |c Sterling C. Evans Library  |d Evans: Library Stacks  |t 0  |e PR1990 .H4 1933  |h Library of Congress classification  |i unmediated -- volume  |m A14801280553 
998 f f |a PR1990 .H4 1933  |t 0  |l Evans: Library Stacks